| 000 | 00751nam a22001697a 4500 | ||
|---|---|---|---|
| 003 | OSt | ||
| 005 | 20251216090606.0 | ||
| 008 | 251216b |||||||| |||| 00| 0 eng d | ||
| 040 | _cDCL | ||
| 082 | _a၂၉၄.၃၈၂၄ | ||
| 100 | 0 |
_aသံဝရာလင်္ကာရ၊ _cအရှင် |
|
| 245 | 1 | 0 |
_aမြတ်ဗုဒ္ဓ၏ အဘိဓမ္မာ (စိတ်၊ စေတသိက် ) / _cအရှင်သံဝရာလင်္ကာရ။ |
| 260 |
_aရန်ကုန် ၊ _bဆုရောင်စဉ်စာပေ၊ _c၂၀၂၃။ |
||
| 300 |
_a၃၇၃ စာမျက်နှာ ၊ _c၂၃ စင်တီ။ |
||
| 650 | _aအဘိဓမ္မာ။ | ||
| 942 |
_2ddc _cSHORT TERM _n0 |
||
| 999 |
_c2724 _d2724 |
||